=LDR 00000nam 2200000 4500 =001 INLIS000000000055966 =005 20200810094214 =035 ##$$a 0010-0820000107 =007 ta =008 200810###########################0#eng## =082 ##$$a 952.135 =084 ##$$a 952.135 Man t =100 #$$a Fosco Maraini =245 1#$$a The Great Cities: Tokyo /$c Fosco Maraini =260 ##$$a Amsterdam :$b Time-Life International,$c 1976 =300 ##$$a 200 Halaman : $b Ilustrasi ; $c 25 cm =650 #4$$a Tokyo (Jepang) =700 #$$a Editor: Dale Brown =520 ##$$a Bibliography: 198 Index: 199-200 =990 ##$$a 27812781